[Event "Hoersching op 5th"]
[Site "Hoersching"]
[Date "2017.08.30"]
[Round "3"]
[White "Knezevic, Josip"]
[Black "Fugger, Christian"]
[Result "1/2-1/2"]
[WhiteElo "1690"]
[BlackElo "1881"]
[PlyCount "49"]
[EventDate "2017.08.28"]
[EventType "swiss"]
[EventRounds "7"]
[EventCountry "AUT"]
[SourceTitle "CBM 180 Extra"]
[Source "ChessBase"]
[SourceDate "2017.10.06"]
[SourceVersion "1"]
[SourceVersionDate "2017.10.06"]
[SourceQuality "1"]

1. e4 c6 2. d4 d5 3. e5 Bf5 4. Bd3 Bxd3 5. Qxd3 e6 6. Qg3 Qb6 7. c3 Ne7 8. h4 Nf5 9. Qh3 h5 10. Nf3 c5 11. 0-0 cxd4 12. cxd4 Nxd4 13. Be3 Nxf3+ 14. gxf3 Qxb2 15. Nd2 Qxe5 16. Rab1 d4 17. Bg5 b6 18. Rfe1 Qd5 19. Ne4 Bd6 20. f4 0-0 21. Qf3 f5 22. Nd2 Qxf3 23. Nxf3 Re8 24. Nxd4 Kf7 25. Nb5 1/2-1/2

[Event "Hoersching op 5th"]
[Site "Hoersching"]
[Date "2017.08.28"]
[Round "1"]
[White "Knezevic, Josip"]
[Black "Mostbauer, Florian"]
[Result "0-1"]
[WhiteElo "1690"]
[BlackElo "2269"]
[PlyCount "108"]
[EventDate "2017.08.28"]
[EventType "swiss"]
[EventRounds "7"]
[EventCountry "AUT"]
[SourceTitle "CBM 180 Extra"]
[Source "ChessBase"]
[SourceDate "2017.10.06"]
[SourceVersion "1"]
[SourceVersionDate "2017.10.06"]
[SourceQuality "1"]

1. e4 c6 2. d4 d5 3. e5 Bf5 4. Bd3 Bxd3 5. Qxd3 e6 6. Nf3 Qa5+ 7. c3 Qa6 8. Qxa6 Nxa6 9. b4 Nc7 10. Bb2 Ne7 11. a4 Nc8 12. Nbd2 Nb6 13. a5 Nd7 14. 0-0 f6 15. Nb3 fxe5 16. Nxe5 Nxe5 17. dxe5 Be7 18. f4 0-0 19. Bc1 Nb5 20. Bd2 g6 21. Nc5 Bxc5+ 22. bxc5 d4 23. c4 Nc7 24. Rab1 Rab8 25. Rb3 Na6 26. Bb4 Rfd8 27. Rd1 d3 28. Ba3 d2 29. Rb2 Rd3 30. Bb4 Rbd8 31. Kf2 R3d4 32. Rbxd2 Rxf4+ 33. Ke3 Rxd2 34. Bxd2 Rxc4 35. Bc1 Nxc5 36. Rd8+ Kf7 37. Bb2 Na4 38. Rd7+ Kg8 39. Rxb7 Rc2 40. Rb8+ Kf7 41. Rb7+ Ke8 42. Bd4 c5 43. Bxc5 Nxc5 44. Rxa7 Nd7 45. Ra8+ Kf7 46. Ra7 Ke7 47. g4 Rxh2 48. a6 h5 49. gxh5 Rxh5 50. Ke4 Rxe5+ 51. Kf4 Ra5 52. Ra8 Kd6 53. a7 g5+ 54. Kg3 Ra4 0-1